Online katalóg knižníc regiónu Turca

Veľká kniha školáčika (Record no. 21710)

MARC details
000 -LEADER
fixed length control field 02604cam a2200709 a 4500
001 - CONTROL NUMBER
control field 21710
003 - CONTROL NUMBER IDENTIFIER
control field VRT
005 - DATE AND TIME OF LATEST TRANSACTION
control field 20260309100615.0
008 - FIXED-LENGTH DATA ELEMENTS--GENERAL INFORMATION
fixed length control field 240322s2017 xo ga b 000 m slo
015 ## - NATIONAL BIBLIOGRAPHY NUMBER
National bibliography number SNBA2017/09
020 ## - INTERNATIONAL STANDARD BOOK NUMBER
International Standard Book Number 9788097261504
Qualifying information (viaz.)
035 ## - SYSTEM CONTROL NUMBER
System control number urn:nbn:sk:snk-am00czgh
035 ## - SYSTEM CONTROL NUMBER
System control number urn:nbn:sk:snk-am3hggc
035 ## - SYSTEM CONTROL NUMBER
System control number 8ACE936D-5DB9-42D2-BC68-F3C91E4D39F3
039 #9 - LEVEL OF BIBLIOGRAPHIC CONTROL AND CODING DETAIL [OBSOLETE]
Level of rules in bibliographic description 202403251326
Level of effort used to assign nonsubject heading access points AUTHORITY
Level of effort used to assign subject headings 202403251323
Level of effort used to assign classification AUTHORITY
Level of effort used to assign subject headings 202403220819
Level of effort used to assign classification VLOAD
Level of effort used to assign subject headings 202403111524
Level of effort used to assign classification VLOAD
040 ## - CATALOGING SOURCE
Original cataloging agency ZKSE
Language of cataloging slo
Transcribing agency ZKSE
Modifying agency SNK
Description conventions AACR2
041 0# - LANGUAGE CODE
Language code of text/sound track or separate title slo
-- eng
-- ger
044 ## - COUNTRY OF PUBLISHING/PRODUCING ENTITY CODE
MARC country code xo
ISO country code SK
072 #7 - SUBJECT CATEGORY CODE
Subject category code 821-93
Subject category code subdivision Literatúra pre deti a mládež (beletria)
Source konspekt
080 ## - UNIVERSAL DECIMAL CLASSIFICATION NUMBER
Universal Decimal Classification number 82-93-053.2
Edition identifier 2011
245 00 - TITLE STATEMENT
Title Veľká kniha školáčika
Statement of responsibility, etc. [texty: Pavol Dobšinský ... [et al.]; ilustrácie: Božena Plocháňová, Miroslav Regitko, Štefan Šilhan]
250 ## - EDITION STATEMENT
Edition statement 1. vyd.
260 ## - PUBLICATION, DISTRIBUTION, ETC.
Place of publication, distribution, etc. Bratislava
Name of publisher, distributor, etc. Allegro
Date of publication, distribution, etc. 2017
300 ## - PHYSICAL DESCRIPTION
Extent 130 s.
Other physical details ilustr., noty
Dimensions 26 cm
490 1# - SERIES STATEMENT
Series statement Fifíkova knižnica
Volume/sequential designation 33.
546 ## - LANGUAGE NOTE
Language note Text aj anglicky a nemecky
655 #7 - INDEX TERM--GENRE/FORM
Genre/form data or focus term publikácie pre deti
Source of term SNKPH
655 #7 - INDEX TERM--GENRE/FORM
Genre/form data or focus term Children's literature
Source of term SNKPHeng
700 1# - ADDED ENTRY--PERSONAL NAME
Personal name Dobšinský, Pavol,
Dates associated with a name 1828-1885
Relationship aut
700 1# - ADDED ENTRY--PERSONAL NAME
Personal name Ďuríčková, Mária,
Dates associated with a name 1919-2004
Relationship aut
700 1# - ADDED ENTRY--PERSONAL NAME
Personal name Feldek, Ľubomír,
Dates associated with a name 1936-
Relationship aut
700 1# - ADDED ENTRY--PERSONAL NAME
Personal name Grimm, Jacob,
Dates associated with a name 1785-1863
Relationship aut
700 1# - ADDED ENTRY--PERSONAL NAME
Personal name Grimm, Wilhelm,
Dates associated with a name 1786-1859
Relationship aut
700 1# - ADDED ENTRY--PERSONAL NAME
Personal name Plocháňová, Božena,
Dates associated with a name 1929-2020
Relationship ill
700 1# - ADDED ENTRY--PERSONAL NAME
Personal name Regitko, Miroslav,
Dates associated with a name 1965-
Relationship ill
700 1# - ADDED ENTRY--PERSONAL NAME
Personal name Šilhan, Štefan
Relationship ill
700 1# - ADDED ENTRY--PERSONAL NAME
Personal name Hevier, Daniel,
Dates associated with a name 1955-
Relationship aut
700 1# - ADDED ENTRY--PERSONAL NAME
Personal name Janovic, Tomáš,
Dates associated with a name 1937-2023
Relationship aut
700 1# - ADDED ENTRY--PERSONAL NAME
Personal name Rázusová-Martáková, Mária,
Dates associated with a name 1905-1964
Relationship aut
700 1# - ADDED ENTRY--PERSONAL NAME
Personal name Podjavorinská, Ľudmila,
Dates associated with a name 1872-1951
Relationship aut
700 1# - ADDED ENTRY--PERSONAL NAME
Personal name Rúfus, Milan,
Dates associated with a name 1928-2009
Relationship aut
700 1# - ADDED ENTRY--PERSONAL NAME
Personal name Seifert, Jaroslav,
Dates associated with a name 1901-1986
Relationship aut
700 1# - ADDED ENTRY--PERSONAL NAME
Personal name Starodubcev, Grigorij,
Dates associated with a name 1982-
Relationship aut
700 1# - ADDED ENTRY--PERSONAL NAME
Personal name Veigl, Svetloslav,
Dates associated with a name 1915-2010
Relationship aut
700 1# - ADDED ENTRY--PERSONAL NAME
Personal name Trilecová, Božena,
Dates associated with a name 1949-
Relationship aut
830 #0 - SERIES ADDED ENTRY--UNIFORM TITLE
Uniform title Fifíkova knižnica
910 ## - USER-OPTION DATA (OCLC)
User-option data sezk
910 ## - USER-OPTION DATA (OCLC)
User-option data hevk
910 ## - USER-OPTION DATA (OCLC)
User-option data bjkdg
910 ## - USER-OPTION DATA (OCLC)
User-option data skpk
910 ## - USER-OPTION DATA (OCLC)
User-option data snk
910 ## - USER-OPTION DATA (OCLC)
User-option data savuk
910 ## - USER-OPTION DATA (OCLC)
User-option data pokpoh
910 ## - USER-OPTION DATA (OCLC)
User-option data totk
942 ## - ADDED ENTRY ELEMENTS (KOHA)
Source of classification or shelving scheme Dewey Decimal Classification
Koha item type Odborná literatúra pre deti
Suppress in OPAC No
949 ## - LOCAL PROCESSING INFORMATION (OCLC)
6 270001000562695
a svkbbC 62160
b svkbbm 770101
949 ## - LOCAL PROCESSING INFORMATION (OCLC)
6 17A1270810
a snkSB 91865
b snk2017/18885
o 1726/2017
s 6100:20170918
949 ## - LOCAL PROCESSING INFORMATION (OCLC)
6 17A1270811
a snkSB 91865 D1
b snk2017/18887
o 1726/2017
949 ## - LOCAL PROCESSING INFORMATION (OCLC)
6 2889329659
a savukPV 24499
b savuk2017/3247
949 ## - LOCAL PROCESSING INFORMATION (OCLC)
6 273K0625548
a svkpoC 58558
b svkpo621876
Holdings
Stav vyradenia Strata Poškodenie Spôsob nadobudnutia Domovská knižnica Aktuálna knižnica Dátum nadobudnutia Total checkouts Čiarový kód exemplára Date last seen Typ exemplára
      Dar Obecná knižnica Turčianska Štiavnička Obecná knižnica Turčianska Štiavnička 09.03.2026   4738000305 09.03.2026 Odborná literatúra pre deti
Projekt je podporený Slovenskou asociáciou knižníc
Prevádzkuje Turčianska knižnica Martin 2026